LEADER 00922nam0-22003251i-450- 001 990003118180403321 010 $a88-7621-067-9 035 $a000311818 035 $aFED01000311818 035 $a(Aleph)000311818FED01 035 $a000311818 100 $a20000920d1996----km-y0itay50------ba 101 0 $aita 102 $aIT 200 1 $aLiberalizzazione del commercio e del movimento delle persone$fFrancesco Ercolano. 210 $aRoma$cFratelli Palombi$d\c\\1996. 215 $a189 p.$d24 cm 610 0 $aIntegrazione economica internazionale 676 $aO/1.240 676 $aO/1.32 676 $aO/1.33 702 1$aErcolano,$bFrancesco 801 0$aIT$bUNINA$gRICA$2UNIMARC 901 $aBK 912 $a990003118180403321 952 $aO/1.33 ERC$b17020$fSES 959 $aSES 996 $aLiberalizzazione del commercio e del movimento delle persone$9460895 997 $aUNINA DB $aING01 LEADER 03324nam 2200625Ia 450 001 9910781272403321 005 20230504184126.0 010 $a1-283-09302-2 010 $a9786613093028 010 $a90-272-8636-1 035 $a(CKB)2550000000033115 035 $a(EBL)680948 035 $a(OCoLC)714568543 035 $a(SSID)ssj0000530841 035 $a(PQKBManifestationID)11339085 035 $a(PQKBTitleCode)TC0000530841 035 $a(PQKBWorkID)10569189 035 $a(PQKB)11179873 035 $a(MiAaPQ)EBC680948 035 $a(Au-PeEL)EBL680948 035 $a(CaPaEBR)ebr10464492 035 $a(CaONFJC)MIL309302 035 $a(EXLCZ)992550000000033115 100 $a19850304d1985 uy 0 101 0 $aeng 135 $aur|n|---||||| 181 $ctxt$2rdacontent 182 $cc$2rdamedia 183 $acr$2rdacarrier 200 00$aFocus on Scotland /$feditor, Manfred Go?rlach 210 1$aAmsterdam ;$aPhiladelphia :$cJ. Benjamins Pub. Co.,$d1985. 215 $a1 online resource (241 pages) $cillustrations 225 1 $aVarieties of English around the world. General series,$x0017-7362 ;$vv. 5 300 $aDescription based upon print version of record. 311 0 $a90-272-4863-X 320 $aIncludes bibliographies and index. 327 $aTitle page; Copyright page; Table of contents; Introduction; Nationalism and the Scots Renaissance now; SCOTS AND LOW GERMAN: THE SOCIAL HISTORY OF TWO MINORITY LANGUAGES; The rise and fall of the Morningside/Kelvinside accent; LINGUISTIC FIELDWORK IN A SCOTTISH NEW TOWN; Overt and covert prestige: Evaluative boundaries in the speech community; 'Knappin', 'Proper English', 'Modified Scottish' Some language attitudes in the Shetland Isles; The narrative skills of a Scottish coal miner; On the variability of Hebridean English syntax: the verbal group; Variation in Hebridean English 327 $aThe search for a Scots narrative voice; Our ain leid? The predicament of a Scots writer; The debate on Scots orthography; THE CHRISTMAS STORY IN SCOTS; Poetry in Glasgow dialect; INDEX; Authors' addresses; The series Varieties of English Around the World 330 $aThis collection comprises 15 essays ranging from the social history of and attitudes towards Scots to the representation of Scottishness in literary language and to modern sociolinguistic work. The uniqueness of the historical and present-day linguistic situation in Scotland makes the volume of particular concern not only to Scotophiles, but also to linguists interested in bidialectalism, language planning, literary dialect, urban surveys, and language and education. The authors include linguistist Scotland, England, the United States, Scandinavia and Germany. 410 0$aVarieties of English around the world.$pGeneral series ;$v5. 606 $aScots language 606 $aScots language$xSocial aspects$zScotland 606 $aScots language$xVariation 615 0$aScots language. 615 0$aScots language$xSocial aspects 615 0$aScots language$xVariation. 676 $a427/.9411 701 $aGo?rlach$b Manfred$0403284 801 0$bMiAaPQ 801 1$bMiAaPQ 801 2$bMiAaPQ 906 $aBOOK 912 $a9910781272403321 996 $aFocus on Scotland$93819994 997 $aUNINA LEADER 02223nam0 2200505 i 450 001 VAN0124575 005 20230628105646.501 017 70$2N$a9783319734712 100 $a20191021d2018 |0itac50 ba 101 $aeng 102 $aCH 105 $a|||| ||||| 200 1 $aApplied Multidimensional Scaling and Unfolding$fIngwer Borg, Patrick J. F. Groenen, Patrick Mair 205 $a2. ed 210 $aCham$cSpringer$d2018 215 $aix, 122 p.$cill.$d24 cm 410 1$1001VAN0102916$12001 $aSpringerBriefs in statistics$1210 $aBerlin [etc.]$cSpringer$d2011- 500 1$3VAN0236135$aApplied Multidimensional Scaling and Unfolding$91564658 606 $a62-XX$xStatistics [MSC 2020]$3VANC022998$2MF 606 $a62Hxx$xMultivariate analysis [MSC 2020]$3VANC026440$2MF 606 $a62P15$xApplications of statistics to psychology [MSC 2020]$3VANC031075$2MF 606 $a91C15$xOne- and multidimensional scaling in the social and behavioral sciences [MSC 2020]$3VANC035273$2MF 610 $aComputational social sciences$9KW:K 610 $aMultidimensional Scaling$9KW:K 610 $aMultivariate data analysis$9KW:K 610 $aPreference data$9KW:K 610 $aProximity data$9KW:K 610 $aProxscal$9KW:K 610 $aPsychometrics$9KW:K 610 $aR package smacof$9KW:K 610 $aUnfolding$9KW:K 610 $aVisualizing proximity data$9KW:K 620 $aCH$dCham$3VANL001889 700 1$aBorg$bIngwer$3VANV054022$0103137 701 1$aGroenen$bPatrick J. F.$3VANV054023$0692141 701 1$aMair$bPatrick$3VANV095997$0740687 712 $aSpringer $3VANV108073$4650 801 $aIT$bSOL$c20240614$gRICA 856 4 $uhttp://doi.org/10.1007/978-3-319-73471-2$zE-book ? Accesso al full-text attraverso riconoscimento IP di Ateneo, proxy e/o Shibboleth 899 $aBIBLIOTECA DEL DIPARTIMENTO DI MATEMATICA E FISICA$1IT-CE0120$2VAN08 912 $fN 912 $aVAN0124575 950 $aBIBLIOTECA DEL DIPARTIMENTO DI MATEMATICA E FISICA$d08CONS e-book 1039 $e08eMF1039 20191021 996 $aApplied Multidimensional Scaling and Unfolding$91564658 997 $aUNICAMPANIA